Vista normal Vista MARC

Entrada Geographic Name

Número de registros utilizados en: 1

001 - CONTROL NUMBER

  • control field: 37233

003 - CONTROL NUMBER IDENTIFIER

  • control field: OSt

005 - DATE AND TIME OF LATEST TRANSACTION

  • control field: 20210429100752.0

008 - FIXED-LENGTH DATA ELEMENTS

  • fixed length control field: 210429|| aca||aabn | a|a d

040 ## - CATALOGING SOURCE

  • Original cataloging agency: OSt
  • Transcribing agency: OSt

151 ## - HEADING--GEOGRAPHIC NAME

  • Geographic name: Estados Unidos
  • General subdivision: Institución Brookings

670 ## - SOURCE DATA FOUND

  • Source citation: Work cat.: (OSt)7757: David, Martin, 15367 autor, Alternative approaches to capital gains taxation / , 1968